A century of British painters /

Bibliographic Details
Main Author: Redgrave, Richard, 1804-1888
Other Authors: Redgrave, Samuel, 1802-1876
Format: Book
Language:English
Published: Ithaca, N.Y. : Cornell University Press, 1981.
Series:Landmarks in art history.
Subjects:

MARC

Tag First Indicator Second Indicator Subfields
LEADER 00000cam a2200000 a 4500
001 in00000078946
005 20151008055150.0
008 811119r19811947nyua b 00110 eng
010 |a  80069737  
020 |a 0801492173 (pbk.) 
035 |a (OCoLC)07583718 
035 |9 AAJ2728AM 
039 0 |a 2  |b 3  |c 3  |d 3  |e 3 
040 |a DLC  |c DLC  |d TXA  |d UtOrBLW 
043 |a e-uk--- 
049 |a TXAM  |c [1442495] 
050 0 0 |a ND466  |b .R4 1981 
082 0 |a 759.2  |2 19 
100 1 |a Redgrave, Richard,  |d 1804-1888. 
245 1 2 |a A century of British painters /  |c Richard and Samuel Redgrave. 
264 1 |a Ithaca, N.Y. :  |b Cornell University Press,  |c 1981. 
300 |a viii, 612 pages :  |b illustrations ;  |c 21 cm. 
336 |a text  |b txt  |2 rdacontent 
337 |a unmediated  |b n  |2 rdamedia 
338 |a volume  |b nc  |2 rdacarrier 
490 1 |a Landmarks in art history 
500 |a "A Phaidon book." 
500 |a Reprint. Originally published: London : Phaidon Press, 1947. 
504 |a Includes bibliographical references and index. 
650 0 |a Painting, British  |y 18th century. 
650 0 |a Painting, British  |y 19th century. 
700 1 |a Redgrave, Samuel,  |d 1802-1876. 
830 0 |a Landmarks in art history. 
999 |a MARS 
999 f f |s 54b01f14-7c86-3bbe-8cfe-a9a29ab95e50  |i 3ff5f135-475f-3bb0-ab64-481a0678501a  |t 0 
952 f f |p ric  |a Texas A&M University  |b Rellis Campus  |c Joint Library Facility  |d Remote Storage  |t 0  |e ND466 .R4 1981  |h Library of Congress classification  |i unmediated -- volume  |m A14806169639 
998 f f |a ND466 .R4 1981  |t 0  |l Remote Storage